000 00870nam a2200241 a 4500
001 43444
003 BD-RjUL
005 20211209053711.0
008 160622s1950 enk 001 0 eng
035 _a(BD-RjUL)43562
035 _a(OCoLC)10537885
040 _aDLC
_cCoFS
_dBD-RjUL
_beng
041 _aeng
082 _a370.88
_223
_bMEP 1950
100 1 _aMégroz, R. L.
_q(Rodolphe Louis)
_d1891-
_9133425
245 1 0 _aPedagogues are human :
_ban anthology of pupils and teachers, grave and gay, from British and American fiction, biography, diaries, letters and verse; edited with an introduction and notes by R. L. Mégroz.
_cR. L.Mégroz
260 _aLondon :
_bRockliff,
_cc1950
300 _axi, 307 p. ;
_c19 cm.
500 _aIncludes index
650 0 _aEducation
_xAnecdotes, facetiae, satire, etc.
_9133426
942 _2ddc
_cBK
999 _c43444
_d43444